| 000 | 01438nam a2200349 a 4500 | ||
|---|---|---|---|
| 001 | 86514 | ||
| 003 | BD-RjUL | ||
| 005 | 20260519110323.0 | ||
| 008 | 260519s1925 enkcef 000 0 eng | ||
| 035 | _a(BD-RjUL)86514 | ||
| 040 |
_aDLC _cOAkU _dOCoLC _dDLC _dBD-RjUL _beng |
||
| 041 | _aeng | ||
| 042 | _apremarc | ||
| 082 |
_223 _a712.0942 _bMAI 1925 |
||
| 100 | 1 |
_aManwaring, Elizabeth Wheeler, _d1879- _918524 |
|
| 245 | 1 | 0 |
_aItalian landscape in eighteenth century England : _ba study chiefly of the influence of Claude Lorrain and Salvator Rosa on English taste, 1700-1800 / _cby Elizabeth Wheeler Manwaring. |
| 260 |
_aNew York ; _aLondon : _bOxford University Press, _c1925. |
||
| 300 |
_axi, 243 p. : _bill.; _c23 cm. |
||
| 336 |
_atext _btxt _2rdacontent |
||
| 337 |
_aunmediated _bn _2rdamedia |
||
| 338 |
_avolume _bnc _2rdacarrier |
||
| 490 | 0 | _aThe Wellesley semicentennial series | |
| 500 | _a"In its original form, this study was presented to the English faculty of the Graduate school of Yale university in candidacy for the degree of doctor of philosophy."-Pref. | ||
| 600 | 1 | 0 |
_aLorrain, Claude, _d1600-1682. _918525 |
| 600 | 1 | 0 |
_aRosa, Salvatore, _d1615-1673. _918526 |
| 650 | 0 |
_aLandscapes _zEngland _918527 |
|
| 650 | 0 |
_aLandscape painting _zItaly _918528 |
|
| 650 | 0 |
_aNature (Aesthetics) _918529 |
|
| 650 | 0 |
_aLandscape painting _zItaly. _918528 |
|
| 650 | 0 |
_aLandscape gardening _zEngland. _918530 |
|
| 942 |
_2ddc _cBK |
||
| 999 |
_c86514 _d86514 |
||